| 000 | 00480nam a2200169 4500 | ||
|---|---|---|---|
| 001 | 123861 | ||
| 003 | ES-MaACL | ||
| 005 | 20230906192247.0 | ||
| 007 | t| | ||
| 008 | 070214s1961 sp r ||||1| spa d | ||
| 100 | 1 |
_aQuoist, Michel. _994807 |
|
| 245 | 1 | 0 |
_aTriunfo / _cMichel Quoist ; traducción de Ramón Castelltort. |
| 260 |
_aBarcelona : _bEstela, _c1961. |
||
| 300 |
_a253 p. ; _c18 cm. |
||
| 700 | 1 |
_aCastelltort, Ramón. _936603 |
|
| 852 |
_aES-MaACL _jC-20405 _bR.48519 |
||
| 999 |
_c123861 _d123861 |
||